000 00390nam a2200157Ia 4500
008 240729s9999 xx 000 0 und d
022 _a2352-3964
245 0 _aEBioMedicine
260 _aNetherlands
260 _bElsevier
650 _a Medicine (General)
650 _aMedicine
856 _uhttps://doaj.org/toc/b199ac4214874a66aba26e71e68d8a21
942 _2ddc
942 _cDOAJEJ
999 _c71491
_d71491
945 _a1
_bMadushi Gamage
_c1
_dMadushi Gamage